Introduction to pertubation techiques

Kaydedildi:
Detaylı Bibliyografya
Yazar: Nayfeh, Ali Hasan (Yazar)
Materyal Türü: Kitap
Dil:İngilizce
Baskı/Yayın Bilgisi: Nueva York John Wiley & Sons 1981
Konular:
Etiketler: Etiketle
Etiket eklenmemiş, İlk siz ekleyin!

MARC

LEADER 00000nam a2200000 a 4500
001 UCU3155
003 CL-VaPUC
008 960502e19810000US |||||||||||||||||eng|d
082 0 4 |a 515.35  |b NAY  |2 21 
100 0 |a Nayfeh, Ali Hasan  |e author  |9 359927 
245 1 0 |a Introduction to pertubation techiques 
300 |a 519 p 
942 |c BK 
945 |d 19960502 00:00:00  |a paguirre 
260 |a Nueva York  |b John Wiley & Sons  |c 1981 
650 0 |a Matemática  |9 260235 
650 0 |a Ecuaciones  |9 260137 
650 0 |a Álgebra  |9 259567 
650 7 |a INTEGRACION NUMERICA  |2 CL-VaPUC  |9 359928 
650 0 |a Ecuaciones no lineales  |9 343071 
650 0 |a Cálculo  |9 260234 
583 |a last modification  |c 19960502 00:00:00  |k Rodrigo Vera 
999 |c 247254  |d 247252